[Event "World Rapid 2019"]
[Site "Moscow RUS"]
[Date "2019.12.28"]
[Round "14.49"]
[White "Nozdrachev, Vladislav"]
[Black "Alekseenko, Kirill"]
[Result "0-1"]
[WhiteTitle "IM"]
[BlackTitle "GM"]
[WhiteElo "2494"]
[BlackElo "2704"]
[WhiteFideId "24113441"]
[BlackFideId "4135539"]
[EventDate "2019.12.26"]

1. e4 e5 2. Nf3 Nc6 3. Bc4 Bc5 4. d3 Nf6 5. O-O O-O 6. a4 a5 7. c3 d6 8. Nbd2
Kh8 9. Bb5 Ba7 10. Bxc6 bxc6 11. Nc4 Bb6 12. b4 Be6 13. Nxa5 Bxa5 14. bxa5 Nd7
15. c4 f5 16. Ng5 Bg8 17. exf5 Rxf5 18. Qg4 Qf8 19. f4 Nc5 20. Be3 exf4 21. Bxc5
Rxc5 22. Rxf4 Qe7 23. h4 h6 24. Ne4 Rcxa5 25. Raf1 Rxa4 26. Kh2 Ra1 27. R1f3 d5
28. Ng3 dxc4 29. Nf5 Qf6 30. dxc4 R1a3 31. Rxa3 Rxa3 32. h5 Be6 33. Qg6 Ra5 34.
Re4 Rxf5 35. Rxe6 Rxh5+ 36. Qxh5 Qxe6 37. Qh4 Qe5+ 38. Kh1 Kh7 39. Qd8 Qh5+ 40.
Kg1 Qc5+ 41. Kh1 Qxc4 42. Qxc7 Qd5 43. Qb7 Qe4 44. Qb6 h5 45. Qc5 Qd5 46. Qc2+
g6 47. Qe2 Qd7 48. Qe5 Kg8 49. Qf6 Kh7 50. Qe5 Qa7 51. Kh2 c5 52. Qd6 c4 53. Qc6
Qd4 54. Qc7+ Kh6 55. Qe7 c3 56. Qf8+ Kh7 57. Qe7+ Qg7 58. Qc5 Qf6 59. Kg1 g5 60.
Qc7+ Kh6 61. Qc5 h4 62. Qc4 Qb6+ 63. Kh1 Qe3 64. Qc6+ Kg7 65. Qd7+ Kf6 66. Qd6+
Kf5 67. Qd5+ Qe5 68. Qf3+ Kg6 69. Qc6+ Kh5 70. Qf3+ g4 71. Qf7+ Kg5 72. Qg8+ Kf4
73. Qc4+ Ke3 74. Qxg4 c2 75. Qf3+ Kd2 76. Qf2+ Kd1 77. Qf3+ Ke1 78. Qa3 Kd2 79.
Qb4+ Qc3 80. Qf4+ Qe3 81. Qb4+ Kd1 82. Qa4 Qe1+ 83. Kh2 Qe5+ 84. Kh1 Qe1+ 85.
Kh2 Qg3+ 86. Kh1 Qd3 87. Kh2 Qd6+ 88. Kh1 Kd2 89. Qa5+ Ke2 90. Qb5+ Qd3 91. Qe5+
Qe3 92. Qb5+ Kd1 93. Qa4 h3 94. gxh3 Qe1+ 95. Kg2 Qe2+ 96. Kg3 Qd3+ 97. Kg2 Qd5+
98. Kh2 Qd6+ 99. Kg2 Kd2 100. Qa5+ Kd3 101. Qb5+ Kc3 102. Qa5+ Kd3 103. Qb5+ Ke3
104. Qg5+ Ke2 105. Qh5+ Ke3 106. Qg5+ Qf4 107. Qc5+ Kd3 108. Qd5+ Qd4 109. Qb3+
Kd2 110. Qa2 Qe4+ 111. Kh2 Qe2+ 112. Kg3 Qe3+ 113. Kg2 Qe2+ 114. Kg3 Qb5 0-1

[Event "World Rapid 2019"]
[Site "Moscow RUS"]
[Date "2019.12.28"]
[Round "14.50"]
[White "Khusnutdinov, Rustam"]
[Black "Timofeev, Artyom"]
[Result "0-1"]
[WhiteTitle "GM"]
[BlackTitle "GM"]
[WhiteElo "2491"]
[BlackElo "2588"]
[WhiteFideId "13701703"]
[BlackFideId "4140419"]
[EventDate "2019.12.26"]

1. e4 e5 2. Nf3 Nf6 3. Nc3 Nc6 4. Bb5 Bd6 5. d3 a6 6. Ba4 h6 7. a3 b5 8. Bb3 Bc5
9. Nxe5 Nxe5 10. d4 Bd6 11. f4 Nc4 12. e5 O-O 13. O-O Bb7 14. exd6 Nxd6 15. f5
Nde4 16. Nxe4 Bxe4 17. d5 Qe7 18. Qd4 c5 19. dxc6 dxc6 20. Be3 Rad8 21. Qb4 Qe5
22. Rae1 Rfe8 23. Qc3 a5 24. a4 b4 25. Qxe5 Rxe5 26. h3 c5 27. Bf4 Re7 28. Rf2
Red7 29. Be3 Rc8 30. Bc4 Bd5 31. Bb5 Bc6 32. Bxc6 Rxc6 33. Rd2 Rd5 34. g4 c4 35.
Rxd5 Nxd5 36. Bd4 b3 37. Re8+ Kh7 38. cxb3 cxb3 39. Re5 Nf4 40. Re3 Rc4 41. Be5
Rxa4 42. Bxf4 Rxf4 43. Rxb3 h5 44. Rg3 hxg4 45. hxg4 Kh6 46. Kg2 Kg5 47. Kh3 f6
48. b3 Re4 49. Rc3 Rxg4 50. Rc7 Kh5 51. Ra7 Rb4 52. Rxa5 Rxb3+ 53. Kg2 Kg5 54.
Ra7 Kh6 55. Ra5 Re3 56. Ra8 Re7 57. Kf3 Kg5 58. Ra5 Rb7 59. Ke4 Rb4+ 60. Ke3 Rb7
61. Ke4 Re7+ 62. Kf3 Re5 0-1

[Event "World Rapid 2019"]
[Site "Moscow RUS"]
[Date "2019.12.28"]
[Round "14.51"]
[White "Adly, Ahmed"]
[Black "Narayanan, Srinath"]
[Result "1-0"]
[WhiteTitle "GM"]
[BlackTitle "GM"]
[WhiteElo "2607"]
[BlackElo "2529"]
[WhiteFideId "10601619"]
[BlackFideId "5018420"]
[EventDate "2019.12.26"]

1. Nf3 d5 2. g3 g6 3. Bg2 Bg7 4. d4 Nf6 5. O-O O-O 6. c4 dxc4 7. Na3 c5 8. Nxc4
Na6 9. dxc5 Nxc5 10. Be3 Nce4 11. Nd4 Nd6 12. Nxd6 Qxd6 13. Qb3 Ng4 14. Nb5 Qe5
15. Bd4 Qh5 16. h3 Ne5 17. g4 Qh4 18. Qc3 Bxg4 19. Bxe5 Bxe2 20. Bxg7 Rfc8 21.
Qd4 Qg5 22. Qe5 Qxe5 23. Bxe5 Bxf1 24. Bxf1 Rc5 25. Re1 a6 26. Nc3 Rd8 27. Bf4
Rd7 28. a4 f6 29. Re4 e5 30. Be3 Rc8 31. Bc4+ Kg7 32. Be6 1-0

[Event "World Rapid 2019"]
[Site "Moscow RUS"]
[Date "2019.12.28"]
[Round "14.52"]
[White "Huzman, Alexander"]
[Black "Vitiugov, Nikita"]
[Result "0-1"]
[WhiteTitle "GM"]
[BlackTitle "GM"]
[WhiteElo "2567"]
[BlackElo "2747"]
[WhiteFideId "2803828"]
[BlackFideId "4152956"]
[EventDate "2019.12.26"]

1. Nf3 f5 2. g3 g6 3. Bg2 Bg7 4. d4 Nh6 5. O-O Nf7 6. c4 O-O 7. Nc3 d6 8. e4 Nc6
9. exf5 Bxf5 10. h3 e5 11. d5 Nd4 12. Nxd4 exd4 13. Nb5 d3 14. g4 a6 15. gxf5
axb5 16. fxg6 Ne5 17. gxh7+ Kh8 18. cxb5 Qf6 19. f4 Ng6 20. Qxd3 Nh4 21. a4 Rae8
22. Ra3 Qd4+ 23. Qxd4 Bxd4+ 24. Kh1 Re2 25. Rg3 Rfe8 26. a5 Nxg2 27. Rxg2 Re1
28. Rg8+ Kxh7 29. Rxe8 Rxf1+ 30. Kg2 Rxc1 31. Rb8 Kg6 32. Rxb7 Kf5 33. b6 cxb6
34. a6 Ra1 35. a7 Kxf4 36. h4 b5 37. Rxb5 Rxa7 38. Rb4 Rg7+ 39. Kh3 Rg3+ 40. Kh2
Rd3 41. Kg2 Rd2+ 42. Kh3 Kf5 43. Rb8 Rxb2 0-1

[Event "World Rapid 2019"]
[Site "Moscow RUS"]
[Date "2019.12.28"]
[Round "14.53"]
[White "Ivanisevic, Ivan"]
[Black "Baron, Tal"]
[Result "1-0"]
[WhiteTitle "GM"]
[BlackTitle "GM"]
[WhiteElo "2593"]
[BlackElo "2541"]
[WhiteFideId "912417"]
[BlackFideId "2809958"]
[EventDate "2019.12.26"]

1. c4 c5 2. Nc3 g6 3. g3 Bg7 4. Bg2 Nc6 5. d3 d6 6. Qd2 Qd7 7. b3 b6 8. Bb2 Bb7
9. Nd5 e5 10. h4 h5 11. Bh3 Qd8 12. e4 Nd4 13. Bxd4 cxd4 14. f4 Ne7 15. Nf3 f5
16. Ng5 Qd7 17. O-O O-O 18. Rae1 Rae8 19. Nxe7+ Rxe7 20. exf5 Qc6 21. Kh2 gxf5
22. Qd1 Qe8 23. fxe5 Bxe5 24. Bg2 f4 25. Bxb7 fxg3+ 26. Kg2 Rxb7 27. Rxf8+ Qxf8
28. Rf1 Qa8 29. Ne4 Qe8 30. Rf5 Rg7 31. Qxh5 Qxh5 32. Rxh5 Kf7 33. Rh6 Ke7 34.
Rh5 Rg4 35. Ng5 a5 36. Nf3 Kf6 37. Rh8 Kf5 38. Rf8+ Bf6 39. h5 Ke6 40. Re8+ Kf5
41. Rf8 Ke6 42. Rb8 Rf4 43. Rxb6 Rf5 44. Rb5 Be5 45. Rxa5 Rxh5 46. Nxd4+ Kf6 47.
Nf3 Rh7 48. Nxe5 dxe5 49. Kxg3 Rd7 50. Rd5 Ra7 51. b4 Rxa2 52. b5 Rb2 53. Kf3
Kf5 54. Ke3 Ke6 55. d4 1-0

[Event "World Rapid 2019"]
[Site "Moscow RUS"]
[Date "2019.12.28"]
[Round "14.54"]
[White "Can, Emre"]
[Black "Popov, Ivan RUS"]
[Result "1/2-1/2"]
[WhiteTitle "GM"]
[BlackTitle "GM"]
[WhiteElo "2600"]
[BlackElo "2636"]
[WhiteFideId "6302181"]
[BlackFideId "4170350"]
[EventDate "2019.12.26"]

1. d4 d5 2. c4 dxc4 3. Nf3 Nf6 4. e3 c5 5. Bxc4 cxd4 6. O-O e6 7. exd4 Be7 8.
Qe2 O-O 9. Nc3 a6 10. a3 b5 11. Ba2 Bb7 12. Bg5 h6 13. Bh4 Nbd7 14. Rad1 Re8 15.
Ne5 Nxe5 16. dxe5 Nd7 17. Bg3 Qc7 18. Ne4 Bxe4 19. Qxe4 Rac8 20. f4 Nc5 21. Qf3
Qc6 22. f5 Qxf3 23. Rxf3 exf5 24. Rxf5 Ne6 25. Rdf1 Bc5+ 26. Kh1 Rc7 27. h4 Bd4
28. b4 Rc3 29. R5f3 Rxf3 30. gxf3 g5 31. hxg5 hxg5 32. Rd1 Bb2 33. Rd3 Rd8 34.
Rd6 Rxd6 35. exd6 Kf8 36. Bd5 Bxa3 37. Bb7 Bxb4 38. Bxa6 Nf4 39. Bxf4 gxf4 40.
d7 Ke7 41. Bxb5 1/2-1/2

[Event "World Rapid 2019"]
[Site "Moscow RUS"]
[Date "2019.12.28"]
[Round "14.55"]
[White "Hansen, Eric"]
[Black "Sethuraman, S.P."]
[Result "1/2-1/2"]
[WhiteTitle "GM"]
[BlackTitle "GM"]
[WhiteElo "2606"]
[BlackElo "2638"]
[WhiteFideId "2606771"]
[BlackFideId "5021596"]
[EventDate "2019.12.26"]

1. e4 c5 2. Nf3 d6 3. Bb5+ Nd7 4. c3 Nf6 5. Qe2 a6 6. Ba4 b5 7. Bc2 Bb7 8. O-O
e6 9. d4 Be7 10. Nbd2 Qc7 11. Bd3 O-O 12. Re1 e5 13. d5 c4 14. Bc2 Rfe8 15. Nf1
Bf8 16. Ng3 g6 17. h3 a5 18. a3 Nc5 19. Bg5 Bg7 20. Qd2 Nb3 21. Bxb3 cxb3 22.
Bh6 Bh8 23. Nh2 Qc4 24. Rad1 b4 25. cxb4 axb4 26. Rc1 Qd4 27. Qxb4 Qxb4 28. axb4
Ra2 29. Rb1 Ba6 30. Re3 Ra4 31. Rxb3 Bc4 32. Ra3 Rxb4 33. Bd2 Rb7 34. b4 Nd7 35.
Rc1 Bb5 36. Ra5 h5 37. Nf3 Bf6 38. Nf1 Bd3 39. Re1 Nb6 40. Ra3 Bb5 41. Ne3 Rc8
42. Rc1 Rxc1+ 43. Bxc1 Kf8 44. Bd2 Bd8 45. g4 hxg4 46. hxg4 Ke8 47. g5 Be2 48.
Kg2 Bxf3+ 49. Kxf3 Bxg5 50. Ke2 Kd7 51. Kd3 f5 52. f3 Bd8 53. Ra1 f4 54. Ng4 Ke8
55. Bc3 Rh7 56. Be1 Rb7 57. Bf2 Nd7 58. Kc4 Rc7+ 59. Kb3 Rb7 60. Rh1 Ba5 61.
Rh8+ Ke7 62. Bh4+ g5 63. Rh7+ Kf8 64. Bxg5 Nc5+ 65. Kc2 Rxh7 66. bxc5 Bc7 67.
cxd6 Bxd6 68. Kd3 Rh5 69. Bf6 Kf7 70. Ke2 Ke8 71. Kd3 Kd7 72. Bg7 Kc7 73. Bf6
Kb6 74. Ke2 Kc5 75. Kf2 Kd4 76. Kg2 Rh7 77. Bg5 Ra7 78. Nh6 Ra2+ 79. Kh3 Kc5 80.
Nf5 Rf2 81. Kg4 Rg2+ 82. Kh5 Rf2 83. Kg4 Rg2+ 84. Kh5 Rf2 85. Kg4 Rg2+ 86. Kh5
Rf2 1/2-1/2

[Event "World Rapid 2019"]
[Site "Moscow RUS"]
[Date "2019.12.28"]
[Round "14.56"]
[White "Zvjaginsev, Vadim"]
[Black "Sakaev, Konstantin"]
[Result "1/2-1/2"]
[WhiteTitle "GM"]
[BlackTitle "GM"]
[WhiteElo "2627"]
[BlackElo "2596"]
[WhiteFideId "4113403"]
[BlackFideId "4104226"]
[EventDate "2019.12.26"]

1. Nf3 d5 2. e3 Nf6 3. c4 c6 4. Nc3 Nbd7 5. cxd5 cxd5 6. d4 e6 7. Bd3 Be7 8. O-O
O-O 9. a4 b6 10. Qb3 Bb7 11. a5 a6 12. axb6 Qxb6 13. Qxb6 Nxb6 14. b3 Rfc8 15.
Ne2 a5 16. Bd2 a4 17. bxa4 Rxa4 18. Rxa4 Nxa4 19. Rb1 Bc6 20. Bb4 Bxb4 21. Rxb4
Nd7 22. g4 Rb8 23. Rxb8+ Nxb8 24. Ne5 Be8 25. g5 Nb6 1/2-1/2

[Event "World Rapid 2019"]
[Site "Moscow RUS"]
[Date "2019.12.28"]
[Round "14.57"]
[White "Sasikiran, Krishnan"]
[Black "Yanchenko, Roman"]
[Result "1-0"]
[WhiteTitle "GM"]
[BlackTitle "FM"]
[WhiteElo "2656"]
[BlackElo "2463"]
[WhiteFideId "5004985"]
[BlackFideId "4137329"]
[EventDate "2019.12.26"]

1. e4 e6 2. d4 d5 3. Nc3 Bb4 4. e5 Ne7 5. a3 Bxc3+ 6. bxc3 b6 7. Qg4 Kf8 8. Nh3
Ba6 9. Bxa6 Nxa6 10. Nf4 c5 11. Nh5 Rg8 12. Bg5 h6 13. Bxe7+ Qxe7 14. O-O cxd4
15. cxd4 Nb8 16. c4 Qg5 17. Qd1 Qd8 18. Rc1 Nc6 19. Nf4 g5 20. Nh5 Rg6 21. cxd5
Qxd5 22. Nf6 Rxf6 23. exf6 Nxd4 24. Qh5 Ke8 25. Rc7 Ne2+ 26. Qxe2 1-0

[Event "World Rapid 2019"]
[Site "Moscow RUS"]
[Date "2019.12.28"]
[Round "14.58"]
[White "Xu, Xiangyu"]
[Black "Postny, Evgeny"]
[Result "1-0"]
[WhiteTitle "GM"]
[BlackTitle "GM"]
[WhiteElo "2582"]
[BlackElo "2605"]
[WhiteFideId "8608288"]
[BlackFideId "2804344"]
[EventDate "2019.12.26"]

1. e4 e5 2. d4 exd4 3. Qxd4 Nc6 4. Qc4 Nf6 5. Nc3 Bb4 6. Bd2 d6 7. O-O-O O-O 8.
f3 Be6 9. Qe2 d5 10. a3 Be7 11. exd5 Nxd5 12. Qf2 Nxc3 13. Bxc3 Bd6 14. f4 Qe7
15. Bd3 f5 16. Nh3 h6 17. Rhe1 Qf7 18. Qg3 Rfe8 19. Re2 Bf8 20. Rde1 Bd7 21. Ng1
Rxe2 22. Rxe2 Re8 23. Rxe8 Qxe8 24. Nf3 Be6 25. Qe1 Qd7 26. Nh4 Bd6 27. g4 Bxf4+
28. Kb1 Ne7 29. gxf5 Nxf5 30. Qe4 Nxh4 31. Qh7+ Kf8 32. Qh8+ Ke7 33. Qxg7+ Ke8
34. Qh8+ Ke7 35. Qf6+ Ke8 36. Qxf4 Nf5 37. Qe5 Qf7 38. b3 Kd7 39. Qc5 Nd6 40.
Be5 b6 41. Qd4 Bf5 42. Bxd6 cxd6 43. Qa4+ Kd8 44. Qf4 Be6 45. Qxd6+ Qd7 46. Qf8+
Kc7 47. Qxh6 Bxb3 48. Qf4+ Kb7 49. Bf5 Qd1+ 50. Kb2 Bd5 51. Qe5 Bc6 52. Qe7+ Ka6
53. Bc8+ 1-0

[Event "World Rapid 2019"]
[Site "Moscow RUS"]
[Date "2019.12.28"]
[Round "14.59"]
[White "Yuffa, Daniil"]
[Black "Tsoi, Dmitry"]
[Result "1-0"]
[WhiteTitle "GM"]
[BlackTitle "FM"]
[WhiteElo "2566"]
[BlackElo "2321"]
[WhiteFideId "24131423"]
[BlackFideId "24194697"]
[EventDate "2019.12.26"]

1. d4 Nf6 2. c4 d6 3. Nc3 e5 4. Nf3 Nbd7 5. g3 Be7 6. Bg2 O-O 7. O-O c6 8. e4
Re8 9. h3 a5 10. Be3 exd4 11. Nxd4 Nc5 12. Qc2 Qc7 13. f4 Bf8 14. Bf2 Nfd7 15.
Rad1 a4 16. g4 Qa5 17. Nf5 Re6 18. g5 Nb6 19. Rd4 Kh8 20. Rfd1 Nxe4 21. Rxe4
Rxe4 22. Bxe4 Nxc4 23. Nd4 g6 24. Qe2 d5 25. Bd3 Nd6 26. Qe5+ Kg8 27. Nf3 f6 28.
Qxf6 Ne8 29. Qe5 Bxh3 30. f5 Qc7 31. Qe6+ Qf7 32. Qxf7+ Kxf7 33. Ne5+ Kg8 34.
fxg6 hxg6 35. Nxg6 Bg7 36. Ne7+ Kf8 37. Bc5 a3 38. Nxc6+ Kf7 39. g6+ Ke6 40.
Re1+ Kd7 41. Nd4 Nd6 42. Bb5+ Kd8 43. bxa3 b6 44. Bxb6+ Kc8 45. Re7 1-0

[Event "World Rapid 2019"]
[Site "Moscow RUS"]
[Date "2019.12.28"]
[Round "14.61"]
[White "Abdusattorov, Nodirbek"]
[Black "Golubov, Saveliy"]
[Result "1-0"]
[WhiteTitle "GM"]
[BlackTitle "IM"]
[WhiteElo "2635"]
[BlackElo "2469"]
[WhiteFideId "14204118"]
[BlackFideId "24176729"]
[EventDate "2019.12.26"]

1. e4 a6 2. d4 g6 3. f4 Bg7 4. Nf3 d6 5. Bd3 c5 6. dxc5 Qa5+ 7. c3 Qxc5 8. Qe2
Nf6 9. Be3 Qc7 10. O-O Ng4 11. Bc1 Nd7 12. Kh1 b5 13. Nbd2 O-O 14. Nb3 Nb6 15.
f5 d5 16. Nbd4 dxe4 17. Bxe4 Bb7 18. fxg6 hxg6 19. Ne6 1-0

[Event "World Rapid 2019"]
[Site "Moscow RUS"]
[Date "2019.12.28"]
[Round "14.62"]
[White "Kryakvin, Dmitry"]
[Black "Guliyev, Namig"]
[Result "0-1"]
[WhiteTitle "GM"]
[BlackTitle "GM"]
[WhiteElo "2596"]
[BlackElo "2548"]
[WhiteFideId "4153278"]
[BlackFideId "13400363"]
[EventDate "2019.12.26"]

1. d4 d5 2. c4 dxc4 3. e3 Nf6 4. Bxc4 a6 5. Nf3 e6 6. O-O b5 7. Be2 Bb7 8. b3
Nbd7 9. Bb2 c5 10. a4 bxa4 11. Rxa4 Be7 12. Nbd2 O-O 13. Qa1 Qb6 14. Rc1 Rfc8
15. Nc4 Qa7 16. Nce5 Nxe5 17. Nxe5 cxd4 18. Bxd4 Qb8 19. Rxc8+ Qxc8 20. Rc4 Qe8
21. Bf3 Bxf3 22. gxf3 Nd5 23. Qa4 f6 24. Qxe8+ Rxe8 25. Nc6 Bf8 26. e4 Nc7 27.
Bb6 Nb5 28. Kg2 Bd6 29. Be3 Kf7 30. Ra4 Ra8 31. Na7 Rxa7 32. Bxa7 Nxa7 33. Rxa6
Bc5 34. b4 Bd4 35. Rd6 e5 36. Rd7+ Kg6 37. f4 Nb5 38. Kf3 Bc3 39. f5+ Kh6 40.
Kg4 Bd4 41. f3 Bg1 42. Rd5 Nc3 43. Rd3 Bd4 44. Rd2 g6 45. h4 Kg7 46. Rc2 h5+ 47.
Kg3 gxf5 48. exf5 Kf7 49. Kh3 Ke7 50. Rg2 Nd5 51. Rg7+ Kd6 52. b5 Kc5 53. Rb7
Bf2 54. Rb8 Nf4+ 55. Kh2 Bxh4 56. Rb7 Bg5 57. Rb8 Nd5 58. Kh3 h4 59. Rd8 Nb6 60.
Kg4 Kxb5 61. Kh5 Kc5 62. Kg6 Nd5 0-1

[Event "World Rapid 2019"]
[Site "Moscow RUS"]
[Date "2019.12.28"]
[Round "14.63"]
[White "Alonso Rosell, Alvar"]
[Black "Yilmaz, Mustafa"]
[Result "1/2-1/2"]
[WhiteTitle "GM"]
[BlackTitle "GM"]
[WhiteElo "2548"]
[BlackElo "2604"]
[WhiteFideId "2270544"]
[BlackFideId "6302718"]
[EventDate "2019.12.26"]

1. c4 e6 2. g3 d5 3. Nf3 Nf6 4. Bg2 dxc4 5. Qa4+ Bd7 6. Qxc4 c5 7. Ne5 Qc8 8.
Qd3 Nc6 9. Nxd7 Qxd7 10. Qxd7+ Kxd7 11. Nc3 Be7 12. d3 Rac8 13. e3 Rhd8 14. Ke2
Ke8 15. b3 Nd7 16. f4 f5 17. Bb2 Kf7 18. h3 Bf6 19. Rab1 b6 20. g4 g6 21. Bf3
Bg7 22. Nb5 Ndb8 23. Rhd1 Rd7 24. Na3 Nb4 25. Bxg7 Kxg7 26. Rd2 Rcd8 27. Rbd1
Nd5 28. Rc1 Nc6 29. d4 Ncb4 30. Rc4 Kf6 31. Nb1 cxd4 32. Rcxd4 b5 33. a3 Nc6 34.
R4d3 Nce7 35. Ke1 e5 36. fxe5+ Kxe5 37. Nc3 a6 38. gxf5 gxf5 39. Ne2 Rd6 40. Nd4
f4 41. Bxd5 Rxd5 42. Nf3+ Kf5 43. Rxd5+ Rxd5 44. Ke2 Rxd2+ 45. Nxd2 Ng6 46. b4
fxe3 47. Kxe3 Nf4 48. Nb3 Nxh3 49. Nc5 Nf4 50. Nxa6 Ke5 51. Nc5 h5 52. Kf3 Ne6
53. Nd7+ Kd4 54. Nb6 Kc3 55. a4 bxa4 56. Nxa4+ Kxb4 57. Nb6 Kc5 58. Nd7+ Kd6 59.
Nf6 Ng7 60. Nxh5 Nxh5 1/2-1/2

[Event "World Rapid 2019"]
[Site "Moscow RUS"]
[Date "2019.12.28"]
[Round "14.64"]
[White "Grigoriants, Sergey"]
[Black "Drygalov, Sergey"]
[Result "1/2-1/2"]
[WhiteTitle "GM"]
[BlackTitle "IM"]
[WhiteElo "2542"]
[BlackElo "2473"]
[WhiteFideId "4130804"]
[BlackFideId "24171743"]
[EventDate "2019.12.26"]

1. c4 Nf6 2. Nf3 c6 3. Nc3 d5 4. e3 e6 5. d4 Nbd7 6. Qc2 Bd6 7. Bd3 O-O 8. O-O
dxc4 9. Bxc4 b5 10. Be2 Bb7 11. e4 e5 12. dxe5 Nxe5 13. Nh4 g6 14. Rd1 Qe7 15.
Qd2 Rad8 16. Qg5 h6 17. Qg3 Kh7 18. Bf4 Bc7 19. Qh3 Ng8 20. Nf3 Nxf3+ 21. Qxf3
Bxf4 22. Qxf4 b4 23. Na4 Nf6 24. e5 Nd5 25. Qg3 Nb6 26. Nxb6 axb6 1/2-1/2

[Event "World Rapid 2019"]
[Site "Moscow RUS"]
[Date "2019.12.28"]
[Round "14.65"]
[White "Khanin, Semen"]
[Black "Zarubitski, Viachaslau"]
[Result "1-0"]
[WhiteTitle "IM"]
[BlackTitle "IM"]
[WhiteElo "2500"]
[BlackElo "2451"]
[WhiteFideId "4111990"]
[BlackFideId "13509373"]
[EventDate "2019.12.26"]

1. e4 e5 2. Nf3 Nf6 3. d4 Nxe4 4. Bd3 Nc6 5. Bxe4 d5 6. Bg5 Qd7 7. O-O dxe4 8.
Nxe5 Nxe5 9. dxe5 h6 10. Bh4 Qxd1 11. Rxd1 Bf5 12. Nc3 c6 13. Rd2 Bb4 14. Rad1
g5 15. Bg3 Ke7 16. a3 Bxc3 17. bxc3 Rhd8 18. Rd6 Rxd6 19. exd6+ Kd7 20. c4 b6
21. c5 bxc5 22. Rb1 Kc8 23. Be5 Bd7 24. Bg7 h5 25. Bf6 g4 26. Kf1 Rb8 27. Rxb8+
Kxb8 28. Ke2 Kc8 29. Ke3 Bf5 30. c3 Kd7 31. Kf4 Bg6 32. Ke5 a5 33. Bg5 a4 34.
Be3 c4 35. g3 Bh7 36. Kd4 Kxd6 37. Kxc4 Bf5 38. Kb4 c5+ 39. Bxc5+ Kd5 40. Be3
Bd7 41. c4+ Kd6 42. Bf4+ Ke7 43. Kc5 Be6 44. Kb5 Kd7 45. c5 Bb3 46. c6+ Kc8 47.
Kc5 Kd8 48. Kd4 Bc2 49. Bd6 f6 50. Kd5 Bb3+ 51. Kxe4 Be6 52. Kd4 Bb3 53. Kc5 Bc2
54. Bf4 Bb3 55. Kd6 Bg8 56. c7+ Kc8 57. Ke7 f5 58. Kf6 Bd5 59. Kxf5 Bc6 60. Kg5
Be8 61. Kh4 Kd7 62. h3 gxh3 63. Kxh3 Bf7 64. Kh4 Be8 65. Kg5 Bf7 66. Be5 Kc8 67.
f4 Kd7 68. f5 Be8 69. Kf6 1-0

[Event "World Rapid 2019"]
[Site "Moscow RUS"]
[Date "2019.12.28"]
[Round "14.66"]
[White "Belov, Vladimir"]
[Black "Vokhidov, Shamsiddin"]
[Result "1/2-1/2"]
[WhiteTitle "GM"]
[BlackTitle "IM"]
[WhiteElo "2598"]
[BlackElo "2526"]
[WhiteFideId "4132394"]
[BlackFideId "14204223"]
[EventDate "2019.12.26"]

1. d4 Nf6 2. c4 e6 3. Nf3 Bb4+ 4. Nbd2 b6 5. a3 Bxd2+ 6. Qxd2 Bb7 7. e3 d6 8.
Be2 Nbd7 9. b4 a5 10. Bb2 axb4 11. axb4 Rxa1+ 12. Bxa1 O-O 13. O-O Qe7 14. Bb2
Ra8 15. Ra1 Qd8 16. Qd1 h6 17. Ne1 c5 18. dxc5 dxc5 19. b5 Rxa1 20. Qxa1 Ne8 21.
Nf3 f6 22. h4 Nd6 23. h5 Nf8 24. Qd1 Qe7 25. Nd2 e5 26. Nb1 Qe6 27. Qa4 Qf5 28.
Qd1 Ne4 29. Bf3 Nxf2 30. Kxf2 e4 31. g4 Qxf3+ 32. Qxf3 exf3 33. Nd2 Ne6 34. Nxf3
Bxf3 35. Kxf3 Kf7 36. Ke4 Nc7 37. Bc3 Ke6 38. Be1 Ne8 39. Bg3 Nd6+ 40. Bxd6 Kxd6
41. Kf5 Ke7 42. Kg6 Kf8 43. e4 Kg8 44. Kf5 Kf7 45. e5 fxe5 46. Kxe5 Ke7 47. Kf5
Kf7 48. g5 hxg5 49. Kxg5 Ke7 50. Kg6 Kf8 51. Kf5 Kf7 52. Kg5 Ke7 53. Kg6 Kf8 54.
Kg5 Ke7 55. Kg6 Kf8 56. Kf5 Kf7 57. Kg5 Ke7 58. Kg6 Kf8 59. Kf5 Kf7 60. Kg5 Ke7 1/2-1/2

[Event "World Rapid 2019"]
[Site "Moscow RUS"]
[Date "2019.12.28"]
[Round "14.67"]
[White "Kezin, Roman"]
[Black "Suleymanli, Aydin"]
[Result "1-0"]
[WhiteTitle "IM"]
[BlackTitle "IM"]
[WhiteElo "2470"]
[BlackElo "2473"]
[WhiteFideId "24124621"]
[BlackFideId "13413937"]
[EventDate "2019.12.26"]

1. d4 d5 2. c4 e6 3. Nf3 Be7 4. g3 Nf6 5. Bg2 O-O 6. O-O dxc4 7. Qc2 a6 8. a4
Bd7 9. Bg5 Bc6 10. Bxf6 Bxf6 11. Rd1 a5 12. Qxc4 Na6 13. Nc3 Bxf3 14. Bxf3 c6
15. e3 Nb4 16. Rac1 Rc8 17. h4 Qc7 18. Kg2 Rfd8 19. Qe2 Qb6 20. h5 Qa6 21. Ne4
Be7 22. Qd2 c5 23. b3 h6 24. Rc4 cxd4 25. Rxc8 Rxc8 26. Qxd4 Nd5 27. Qe5 f6 28.
Qb2 f5 29. Nd2 Bf6 30. Qa3 Be7 31. Qb2 Bf6 32. Qb1 Nc3 33. Qc2 Rd8 34. Rc1 b5
35. axb5 Qxb5 36. Nb1 Rd3 37. Na3 Qd7 38. Nc4 Nd5 39. Kg1 Nb4 40. Qb1 Qd8 41.
Be2 Rd7 42. Rd1 Nd5 43. Bf3 Nc3 44. Rxd7 Qxd7 45. Qc2 Qc7 46. Qd3 a4 47. bxa4
Nxa4 48. Qb3 Nc3 49. Kg2 Qc5 50. Nb6 Qd6 51. Nc4 Qc7 52. Nb2 Qc8 53. Nd3 Kh7 54.
Bb7 Qg8 55. Qc4 Qf7 56. Bc8 Nd5 57. Nc5 Qxh5 58. Bxe6 Ne7 59. Nd7 Qd1 60. Nxf6+
gxf6 61. Qc7 1-0

[Event "World Rapid 2019"]
[Site "Moscow RUS"]
[Date "2019.12.28"]
[Round "14.68"]
[White "Christiansen, Johan-Sebastian"]
[Black "Romanov, Evgeny"]
[Result "1-0"]
[WhiteTitle "GM"]
[BlackTitle "GM"]
[WhiteElo "2597"]
[BlackElo "2604"]
[WhiteFideId "1512668"]
[BlackFideId "4148843"]
[EventDate "2019.12.26"]

1. Nf3 Nf6 2. c4 e6 3. g3 b6 4. Bg2 Bb7 5. O-O Be7 6. Nc3 O-O 7. Re1 d5 8. cxd5
Nxd5 9. e4 Nxc3 10. bxc3 c5 11. d4 Nc6 12. d5 exd5 13. exd5 Na5 14. Ne5 Bf6 15.
Bf4 Re8 16. Qd3 c4 17. Qd2 h5 18. h4 Rc8 19. Rad1 Rc5 20. Bg5 Bc8 21. Nc6 Nxc6
22. dxc6 Bxg5 23. hxg5 Rxe1+ 24. Qxe1 Qf8 25. Qe3 Bf5 26. Rd4 Kh7 27. Qe2 Bg6
28. Rxc4 Qd6 29. Rd4 Qc7 30. Rd7 Qc8 31. Qd2 Rxc6 32. Bxc6 Qxc6 33. Rxa7 Qf3 34.
Qe3 Qd1+ 35. Kh2 b5 36. Ra8 Qc2 37. a3 Be4 38. Rd8 Qb1 39. f3 Bg6 40. Rd2 Qc1
41. g4 Qxa3 42. gxh5 Bxh5 43. Qe4+ g6 44. Qe5 Qa7 45. Kg2 Qb7 46. Qf6 Bg4 47.
Rd8 1-0

[Event "World Rapid 2019"]
[Site "Moscow RUS"]
[Date "2019.12.28"]
[Round "14.69"]
[White "Potapov, Pavel"]
[Black "Piorun, Kacper"]
[Result "1/2-1/2"]
[WhiteTitle "GM"]
[BlackTitle "GM"]
[WhiteElo "2482"]
[BlackElo "2611"]
[WhiteFideId "4169786"]
[BlackFideId "1130420"]
[EventDate "2019.12.26"]

1. e4 d5 2. exd5 Qxd5 3. Nc3 Qd8 4. d4 Nf6 5. Nf3 g6 6. Bc4 Bg7 7. O-O O-O 8.
Ne5 a6 9. a4 Nc6 10. Nxc6 bxc6 11. Re1 Bg4 12. Be2 Bxe2 13. Nxe2 Qd6 14. Bf4 Qb4
15. Qd3 c5 16. Bxc7 Nd5 17. Be5 c4 18. Qf3 e6 19. Bxg7 Kxg7 20. Nc3 Qxb2 21.
Nxd5 exd5 22. Qxd5 Qxc2 23. Rec1 Qd2 24. Qxc4 Rfc8 25. Qxc8 Rxc8 26. Rxc8 Qxd4
27. Rcc1 a5 28. h3 h5 29. Rd1 Qc4 30. Ra3 Qb4 31. Ra2 Qb3 32. Raa1 Qc4 33. Rdc1
Qd4 34. Ra2 Qb4 35. Raa1 1/2-1/2